Richest City By Country - Statistics

General Stats
  • This quiz has been taken 68 times
  • The average score is 26 of 30
Answer Stats
Country GDP Answer % Correct
Japan $2.080T Tokyo
100%
United Kingdom $768.686B London
98%
France $929.963B Paris
98%
United States $2.298T New York City
97%
South Korea $1.006T Seoul
97%
Australia $398.037B Sydney
95%
Mexico $340.800B Mexico City
93%
India $521.500B Delhi
91%
Russia $504.808B Moscow
91%
Netherlands $237.841B Amsterdam
90%
Brazil $319.300B São Paulo
90%
Canada $411.866B Toronto
90%
Ireland $272.454B Dublin
88%
Turkey $275.365B Istanbul
88%
China $757.217B Shanghai
88%
Singapore $564.774B Singapore
88%
Sweden $202.560B Stockholm
88%
Thailand $252.128B Bangkok
86%
Belgium $211.091B Brussels
86%
Argentina $235.600B Buenos Aires
86%
Hong Kong $423.999B Hong Kong
86%
Italy $270.171B Milan
86%
Switzerland $216.392B Zurich
86%
Indonesia $338.836B Jakarta
84%
Taiwan $407.838B Taipei
84%
Israel $310.000B Tel Aviv
84%
United Arab Emirates $277.930B Abu Dhabi
83%
Saudi Arabia $243.793B Riyadh
79%
Bangladesh $285.100B Dhaka
74%
Germany $634.437B The Ruhr
33%
No matching quizzes found
Score Distribution
Percent of People with Each Score
Percentile by Number Answered
Your Score History
You have not taken this quiz